00473nam a22001337a 4500008004100000040005500041080001900096245008000115260006800195300001600263365001600279650001600295653002800311230602b |||||||| |||| 00| 0 eng d aNational Science LibrarycNational Science Library aR 31(035) bM7 aHandbook of statistics 1981 c/ Association of Indian Engineering Industry  aNew Delhi: bAssociation of Indian Engineering Industry, c1981 alvi, 384p.  b100.00cINR aStatistics  aEngineering industries